Quizzes
Events
Quiz Creation
Community
Videos
Private Events
Remove Ads
Sign In
Join for FREE
Feedback
Dark Mode
Quiz Categories
Sports
Geography
Music
Movies
Television
Just For Fun
Miscellaneous
History
Literature
Language
Science
Gaming
Entertainment
Religion
Holiday
For Kids
Quiz Lab
Recent
Popular Today
Quiz Kudos Today
Editor Picks
Curator Picks
Quizzes by...
Day
Popularity
Type
Ratings
Length
Year
Community
Subscriptions
Recent Discussions
Orange Saloon
Badges
Playlists
Quests
Create
Leaderboards
Showdown
Live 5
Trivia Bingo
Activity
Puzzle Library
Sporcle Events
Private Events
Virtual Trivia
Globe League
Become a Host
Pub Owners
SporcleCon
Opinionation
Our Games
Videos
Blog
Mobile Apps
Partnerships
Remove Ads and Go Orange
Feedback
Movies
Disney
Marvel Cinematic Universe
Movie Resume
Movie Titles
Oscar
Actor
Actress
Director
Pixar
Role
Movie Quotes
Movie Characters
Box Office
Nominee
Best Picture
Star Wars
James Bond
Horror Movies
Movies
Disney
Marvel Cinematic Universe
Movie Resume
Movie Titles
Oscar
Actor
Actress
Director
Pixar
Role
Movie Quotes
Movie Characters
Box Office
Nominee
Best Picture
Star Wars
James Bond
Horror Movies
Random Quiz
Search Sporcle
×
Quiz Lab
Quiz Lab
Movies
Actor
Type in answers that appear in a list
Type in answers that appear in a list
Classic
Best Score? Go Orange.
Stephen King Movies Stats
Can you name the lead actors to appear in movies based on the work of Stephen King?
By
jwl8691
12m
44 Questions
189 Plays
189 Plays
189 Plays
Comments
Comments
Give Quiz Kudos
Give Quiz Kudos
-
- Ratings
hide this ad
Replay
Link that replays current quiz
Next Quiz
Link to next quiz in quiz playlist
You Got
0%
They Got
Avg Score
41%
Avg Friend Score
Upgrade to see
Score Distribution
Jump to the score distribution portion of the page
Score
0/44
Timer
12:00
0
Plays Today
Book
Actor
% Correct
The Shining (1980)
Jack Nicholson
95.8%
Carrie (1976)
Sissy Spacek
86.2%
The Green Mile (1999)
Tom Hanks
85.2%
The Shawshank Redemption (1994)
Tim Robbins
81%
Dolores Claiborne (1995)
Kathy Bates
76.7%
Secret Window (2004)
Johnny Depp
74.6%
It (1990)
Tim Curry
72.5%
Misery (1990)
James Caan
72.5%
Firestarter (1984)
Drew Barrymore
72%
The Dead Zone (1983)
Christopher Walken
68.3%
1408 (2007)
John Cusack
60.8%
The Running Man (1987)
Arnold Schwarzenegger
58.2%
Hearts in Atlantis (2001)
Anthony Hopkins
57.7%
Maximum Overdrive (1986)
Emilio Estevez
51.9%
Cujo (1983)
Dee Wallace
48.1%
The Stand (1994)
Gary Sinise
47.1%
Creepshow: The Lonesome Death of Jordy Verrill (1982)
Stephen King
46.6%
Stand By Me (1986)
Wil Wheaton
46.6%
Needful Things (1993)
Ed Harris
44.4%
The Mist (2007)
Thomas Jane
44.4%
Children of the Corn (1984)
Linda Hamilton
41.3%
The Dark Half (1993)
Timothy Hutton
39.7%
Book
Actor
% Correct
The Dead Zone (2002 -
TV)
Anthony Michael Hall
38.6%
Apt Pupil (1998)
Ian McKellen
37.6%
Silver Bullet (1985)
Gary Busey
36%
The Shining (1997 -
TV)
Steven Weber
36%
Creepshow: Something to Tide You Over
Leslie Nielsen
27.5%
Salem's Lot (1979)
David Soul
25.9%
The Mangler (1995)
Robert Englund
21.7%
The Tommknockers (1993)
Marg Helgenberger
20.1%
Desperation (2006)
Tom Skerritt
19.6%
Creepshow: The Crate (1982)
Hal Holbrook
19%
The Night Flier (1997)
Miguel Ferrer
16.9%
Riding the Bullet (2004)
David Arquette
16.9%
Christine (1983)
Keith Gordon
16.4%
Pet Semetary (1989)
Dale Midkiff
16.4%
Creepshow: They're Creeping Up on You (1982)
E.G. Marshall
15.9%
Sleepwalkers (1992)
Ron Perlman
14.8%
The Langoliers (1995)
David Morse
14.8%
Dreamcatcher (2003)
Damian Lewis
13.8%
Storm of the Century (1999)
Colm Feore
11.1%
Graveyard Shift (1990)
Brad Dourif
10.1%
Sometimes They Come Back (1991)
Tim Matheson
10.1%
Creepshow: Father's Day (1982)
Jon Lormer
3.2%
Quiz Playlist
Details
Report
Send in Message
Add To Playlist
Classic:
Type in answers that appear in a list
Quiz Source
Last Updated: Feb 16, 2017
Quiz Scoreboard
CHALLENGE
Sign Up to Join the Scoreboard
Show All
Scores
Hide
Comments
May contain spoilers
Recently Published
College Basketball Coaching Resumes
by pancakes188
Sports
9m
Billboard Blitz: Fleetwood Mac
by CooCooCachoo
Music
15s
Presidents Visiting Landmarks
by Hejman
History
7m
More to Explore
Quiz From the Vault
Featured Blog Post
Where Did the Easter Bunny Come From?
hide this ad
You Might Also Like...
Tags
Actor Quiz
Book Quiz
Character
King
lead
stephen
Stephen King
Today's Top Quizzes in Movies
Browse Movies
hide this ad
Today's Top Quizzes in Actor
Browse Actor
Top Contributed Quizzes in Movies
1
Pick 5 Posters: Directed by Spielberg
2
7-to-1: Pixar Characters
3
Pick 5 Posters: Lowest-Rated Spielberg
4
Sorting Actors
5
Pick 5 Posters: Directed by Scorsese
6
Sorting Actresses
7
Pick 5 Posters: Star & Director
8
Pick 5 Posters: Women Directed 2020s
9
12 Movies about Fictional 1960s Events
10
Multi-Oscar Nominations, One Movie, One Winner
Explore More
Trending Topics
Anime
Kpop
Harry Potter
Marvel
Crossword
Disney
NBA
Country
WWE
Pokémon
The Office
Soccer
Puzzle
NFL
Song
hide this ad
More By:
jwl8691
Quiz
Plays
Rating
Category
Featured
Created
Stephen King Movies
189
3.00
Movies
Feb 19, 2010
Go to Creator's Profile
Score Distribution
Quiz Creator Spotlight
jwl8691
Follow
Send a Message
Quizzes Created
-
Created Quiz Play Count
-
More By This Creator
Popular Quizzes Today
1
Find the US States - No Outlines Minefield
2
Find the Countries of Europe - No Outlines Minefield
3
The Countries of the World
4
Find the US States
5
Risky Map Clicking: Biggest States A-Z
6
US States
7
Popular People in 1961
8
Movies - When Are They Set?
More Movies Quizzes
In Which Harry Potter Movie: George Weasley
Quiz Lab
Trending Quizzes
Risky Map Clicking: Least Populous States A-Z
1-10 Letter G Words
1-10 Letter F Words
Risky Map Clicking: Next State Alphabetically
Risky Map Clicking: Biggest States A-Z
Recently Updated
Leaping Animals
pecheneg
Reality TV Shows (A-Z)
bhenderson79
Rickey Henderson's Hall of Fame Teammates
pecheneg
Champions League XIs: Arsenal
pecheneg
Quick Pick: Celebrities in WWE's Hall of Fame
aduchscher
A-Z Keypad Blitz II
pecheneg
Multiple Oscar Actors
pecheneg
Mystery Phrase Blitz: Oscar 'Best Actors'
pecheneg
F. Scott Fitzgerald Novels
LTH
Pick 3 Villains
ddd62291
Trending Topics
NBA
Anime
Disney
Marvel
Crossword
Kpop
Harry Potter
The Office
Soccer
NFL
Pokémon
Country
WWE
Song
Puzzle
Your Account Isn't Verified!
In order to create a playlist on Sporcle, you need to verify the email address you used during registration. Go to your
Sporcle Settings
to finish the process.
Report this User
Report this user for behavior that violates our
Community Guidelines
.
Details:
Send Report
Go to the Sporcle.com Mobile Site →
Comments